|
|
|
|
| LEADER |
00000nab a2200000uu 4500 |
| 001 |
vtls010883146 |
| 003 |
SK-MaSNL |
| 005 |
20260303145107.0 |
| 008 |
230222|2004 xo |||||||||||||||||slo| |
| 015 |
|
|
|a SNBRB
|
| 035 |
|
|
|a (urnnbn)urn:nbn:sk:snk:ar-0023vr
|
| 035 |
|
|
|a (uuid)56096f7c-fc9d-4f6e-9845-60b31e3097c4
|
| 035 |
|
|
|a urn:nbn:sk:snk-ab8eqt
|
| 040 |
|
|
|a SNKBUCL
|b slo
|c SNKBUCL
|e AACR2
|
| 041 |
0 |
|
|a slo
|
| 044 |
|
|
|a xo
|c SK
|
| 100 |
1 |
|
|a Minárová, Alena,
|d 1962-
|4 aut
|9 167108
|
| 245 |
1 |
0 |
|a Filozoficko-etická reflexia "práv zvierat" a Animal Welfare.
|c Alena Minárová
|
| 773 |
0 |
|
|t Acta Nitriensiae : zborník Filozofickej fakulty Univerzity Konštantína Filozofa v Nitre
|g Č. 6 (2004), s. 81-90
|
| 954 |
|
|
|a odborná, vedecká literatúra pôvodná (slovenská)
|2 lita
|
| 958 |
|
|
|a OND
|
| 958 |
|
|
|a EUIPO
|
| 958 |
|
|
|a article10
|
| 999 |
|
|
|c 2000436
|d 2002366
|